La Enseñanza profesional obrera y técnico industrial en España / por Luciano Novo Miguel
Descripción Física:
147 p. ; 23 cm
Materias:
Formació professional -- Espanya
MARC
| LEADER | 00000nam a2200000Ia 4500 | ||
|---|---|---|---|
| 001 | 751 | ||
| 008 | 160829s1933 xx 000 0 cat d | ||
| 080 | |a E-1-91 | ||
| 100 | |a Novo Miguel, Luciano |9 20253 | ||
| 245 | |a La Enseñanza profesional obrera y técnico industrial en España / por Luciano Novo Miguel | ||
| 260 | |a Barcelona : |b (Imp. Ortega), |c 1933 | ||
| 300 | |a 147 p. ; |c 23 cm | ||
| 590 | |a A la primera plana una dedicatòria de l'autor pel Sr. Ventura Gassol | ||
| 650 | |a Formació professional |x Espanya |9 20254 | ||
| 901 | |a Arxiu | ||
| 942 | |n 1 | ||
| 952 | |0 0 |1 0 |4 0 |6 E191 |7 1 |9 41508 |a Arxiu |b Arxiu |d 2016-12-01 |l 0 |o E-1-91 |p 751 |r 2016-12-01 00:00:00 |w 2016-12-01 |y ARXIU | ||
| 999 | |c 43316 |d 43316 | ||